Surveying and levelling for students (Record no. 85986)

MARC details
000 -LEADER
fixed length control field 00381cam a2200169 4500
001 - CONTROL NUMBER
control field D12534
008 - FIXED-LENGTH DATA ELEMENTS--GENERAL INFORMATION
fixed length control field 090401t1891 xxu||||| |||| 00| 0 eng d
035 ## - SYSTEM CONTROL NUMBER
System control number (Sirsi) u4029
041 ## - LANGUAGE CODE
Language code of text/sound track or separate title eng
100 ## - MAIN ENTRY--PERSONAL NAME
Personal name D'Cruz, J. E. A.
245 ## - TITLE STATEMENT
Title Surveying and levelling for students
260 ## - PUBLICATION, DISTRIBUTION, ETC.
Name of publisher, distributor, etc. Madras
Date of publication, distribution, etc. 1891
350 ## - PRICE (NR) (BK AM CF MU VM SE) [OBSOLETE]
Price 0
520 ## - SUMMARY, ETC.
Summary, etc. Shelf 178
942 ## - ADDED ENTRY ELEMENTS (KOHA)
Suppress in OPAC 0
948 ## - LOCAL PROCESSING INFORMATION (OCLC); SERIES PART DESIGNATOR (RLIN)
c (OCLC) 04/03/1997
Holdings
Withdrawn status Lost status Source of classification or shelving scheme Damaged status Not for loan Home library Current library Shelving location Date acquired Total Checkouts Full call number Barcode Date last seen Copy number Price effective from Koha item type
    Other/Generic Classification Scheme     London London Basement 14/09/1999   SHELF 178 30014238 06/08/2019 1 06/08/2019 Reference material